01668nam a2200265 a 450000100100000000500170001000800410002704000250006808200210009310000510011424500760016526000640024130000210030550000430032650400730036960000410044291000400048304900090052395201870053295201350071995201420085495202000099695201890119699900170138500002730620240305073654.0110331s1954 dr 001 0 spa d aDO-SdBNPbspacBNPHU a923.57293bG633r1 aRodríguez Demorizi, Emilio,d1908-19869103910aPapeles dominicanos de Máximo Gómez /cEmilio Rodríguez Demorizi. aCiudad Trujillo, República Dominicana :bMontalvo,c1954. a444 p. ;c23 cm. aIncluye índice de personas y lugares aIncluye referencias bibliográficas y notas al pie de las páginas10aGómez, Máximo,d1836-1905912249 aValidado. Control de calidad BNPHU. aBNPD 001050718RVaPDbPDcHDd2011-03-31iLF1l0o923.57293 G633rp27306-10r2020-06-25w2020-06-25y1zPerteneció a la biblioteca personal de Carlos Larrabazal Blanco.ZNo se presta 001050718RVaPDbPDcHDd2011-04-05iLF1l0o923.57293 G633rp27306-20r2020-06-25te. 2w2020-06-25y1zDedicadoZNo se presta 001054708RVaPDbPDcHDd2011-06-01iLF1l0o923.57293 G633rp27306-40r2020-06-25te. 3w2020-06-25y4zDedicadoZPréstamo en sala 001054708RVaPDbPDcHDd2011-07-14iLF1l0o923.57293 G633rp27306-50r2020-06-25te. 4w2020-06-25y4zPerteneció a la biblioteca personal de Carlos Larrazabal Blanco.ZPréstamo en sala 001054708RVaPDbPDcHDd2015-06-18iLF1l0o923.57293 G633rp27306-60r2020-06-25te. 5w2020-06-25y4zPerteneció a la biblioteca personal de Carmen Herrera.ZPréstamo en sala c26798d26798